000 00672nam a2200277Ia 4500
005 20260324140910.0
008 008 260324s9999 xx 000 0 eng d
020 _a9781003069102
037 _aEBOOK
040 _aCRL
040 _beng
040 _cCRL
041 _2eng
041 _aeng
084 _qCRL
100 _aIoannis K. Argyros
_91150994
245 0 _aPolynomial Operator Equations in Abstract Spaces and Applications
260 _bTaylor and Francis
260 _c1998
365 _a
365 _b465
856 _uhttp://www.taylorfrancis.com/books/9781003069102
942 _cEBOOK
999 _c1808692
_d1808692